000 00265 a2200097 4500
000 nam a22 7a 4500
100 _aKumbhojkar,G.V
_937
245 _aEngineering Mathematics III: Electronics and computer science
260 _bP.Jamnadas
_c2021
264 _bP.Jamnadas
999 _c35891
_d35891